Petroleum engineering handbook (Record no. 53866)
[ view plain ]
| 000 -LEADER | |
|---|---|
| fixed length control field | 01336nam a2200325Ia 4500 |
| 082 04 - DEWEY DECIMAL CLASSIFICATION NUMBER | |
| Classification number | 665.5 |
| 245 00 - TITLE STATEMENT | |
| Title | Petroleum engineering handbook |
| 260 ## - PUBLICATION, DISTRIBUTION, ETC. (IMPRINT) | |
| Place of publication | Richardson, TX : |
| Name of publisher | Society of Petroleum Engineers, |
| Year of publication | 2006. |
| 300 ## - PHYSICAL DESCRIPTION | |
| Number of Pages | viii, 864 p. : |
| Other physical details | ill. |
| 650 #0 - SUBJECT ADDED ENTRY--TOPICAL TERM | |
| Topical Term | Petroleum engineering |
| Topical Term | Petroleum industry and trade. |
| 700 1# - ADDED ENTRY--PERSONAL NAME | |
| Personal name | Lake, Larry W. |
| Personal name | Fanchi, John R. |
| 856 40 - ELECTRONIC LOCATION AND ACCESS | |
| Uniform Resource Identifier | http://site.ebrary.com/lib/rucke/Doc?id=10619569 |
No items available.
